Journal of alternative medicine research

Bibliographic Details
Corporate Author: Nova Science Publishers
Format: Electronic Journal
Language:English
Published: Hauppauge, NY : Nova Science Publishers
Subjects:
Online Access:Full text available from Research Library: 01/01/2011 to present

MARC

LEADER 00000nas a2200000 a 4500
001 ssj0001454286
003 WaSeSS
005 20200512172242.0
006 m d
007 cr n
008 070821c20099999nyuqr p s | a0eng
010 |a  2007212273 
022 |y 1939-5868 
035 |a (WaSeSS)ssj0001454286 
037 |b Nova Science Publishers, 400 Oser Ave., Ste. 1600, Hauppauge, NY 11788-3619 
040 |a NSD  |b eng  |c NSD  |d NSD  |d DLC  |d OCLCF  |d OCLCO  |d CUS  |d CUI  |d OCLCO  |d CRU  |d OCLCO  |d OCLCA  |d WaSeSS 
042 |a pcc  |a nsdp 
050 0 0 |a R733  |b .J675 
082 1 0 |a 610  |2 14 
210 0 |a J. altern. med. res. 
222 0 |a Journal of alternative medicine research 
245 0 0 |a Journal of alternative medicine research  |h [electronic resource]. 
260 |a Hauppauge, NY :  |b Nova Science Publishers 
310 |a Quarterly 
362 1 |a Began with vol. 1, issue 1 (Jan./Mar. 2009). 
506 |a License restrictions may limit access. 
588 |a Description based on: Vol. 1, issue 1 (Jan./Mar. 2009); title from cover. 
588 |a Latest issue consulted: Vol. 1, issue 2 (Apr./June 2009). 
650 0 |a Alternative medicine  |x Research  |v Periodicals. 
650 0 |a Alternative medicine  |v Periodicals. 
650 7 |a Alternative medicine.  |2 fast  |0 (OCoLC)fst00806153 
650 7 |a Alternative medicine  |x Research.  |2 fast  |0 (OCoLC)fst00806167 
650 2 |a Complementary Therapies. 
655 0 |a Electronic journals. 
710 2 |a Nova Science Publishers. 
850 |a DLC 
856 4 0 |z Full text available from Research Library: 01/01/2011 to present  |u https://search.proquest.com/publication/2034852